000 01622nam0a22003491 4500
001 RU\NLR\INFOCOMM_223\5000057889
005 20250613100936.0
035 _a(NLR Aleph) 009365787
090 _a7890696
_c7890696
100 _a20101210d1982 |||y0rusy50 ca
101 0 _aeng
_drus
102 _aRU
105 _aa ||||000|y
200 1 _aOn the possibility to observe the e⁺e⁻ pairs produces by photon in the field of the intensive electromagnetic wave
_fI. F. Ginzburg, G. L. Kotkin, S. I. Polityko
210 _aNovosibirsk
_cИн-т математики СО АН СССР
_d1982
215 _a[1], 10 с., 1 л. ил.
_cил.
_d20 см
225 1 _aPreprint
_fUSSR Acad. of sciences. Siberian div., Inst. for mathematics
_vTPh-23-128
300 _aРез. на рус. яз.
300 _aВ вып. дан.: О возможности наблюдения рождения электрон-позитронных пар в поле интенсивной электромагнитной волны / И. Ф. Гинзбург, Г. Л. Коткин, С. И. Политыко
300 _aНа обл. надзаг. на рус. яз.
320 _aБиблиогр.: с. 9
606 _aЭлектронно-позитронные пары
_xОбразование
_2nlr_sh1
686 _aВ382.341
_2rubbk
686 _aВ381.14
_2rubbk
700 1 _aGinzburg
_bI. F.
_gIl'ja Fajzil'evič
_4070
701 1 _aKotkin
_bG. L.
_gGleb Leonidovič
_4070
701 1 _aPolityko
_bS. I.
_4070
801 1 _aRU
_bNLR
_c20101210
801 0 _aRU
_bNLR
_gPSBO
852 _aNLR
_jФз01 Д-4/2295
942 _cBOOK
980 _aNB